000 00501nam a2200181 i 4500
001 24824
003 ES-MaACL
005 20240424100020.0
007 t|
008 021219s1972 sp ||||1| spa d
245 0 0 _aAntología de poesía gallega /
_cManuel Catoira.
260 _aAlgorta-Getxo :
_bZero,
_c[1972]
300 _a112 p. ;
_c17 cm.
650 4 _aPoesía gallega-
_yS.XX
_916226
700 1 _aCatoira, Manuel.
_937074
852 _aES-MaACL
_jC-43921
_bR.82732
999 _c24824
_d24824